01070nam a2200193 a 450000100100000000500170001000800410002704000250006824501650009326001090025830000210036750000420038870000300043071000720046095201110053295201050064395201110074899900170085900003780320201002031120.0130306s2007 dr 000 0 spa d aDO-SdBNPbspacBNPHU00aCada cual en este mundo cuenta el cuento a su manera :bracismo y xenofobia en textos escolares dominicanos /cComposición y Diagramación Benedetta Belotti. aSantiago, República Dominicana :bCentro de Reflexión, Encuentro y Solidaridad (ONÉ RESPE),c2007. a203 p. ;c23 cm. aIncluye notas al pie de las páginas1 aBelotti, Benedetta9642492 aCentro de Reflexión, Encuentro y Solidaridad (ONÉ RESPE)935157 0010718DSaGRbGRcCTd2013-03-06iLF1l0o p37803-30r2020-06-25te. 3w2020-06-25yLFDSZNo se presta 0010718PDaPDbPDcCTd2013-03-06iLF1l0o p37803-10r2020-06-25w2020-06-25yLFPDZNo se presta 0010718PDaPDbPDcCTd2013-03-06iLF1l0o p37803-20r2020-06-25te. 2w2020-06-25yLFPDZNo se presta c37293d37293